Responsabilidad patrimonial solidaria de directores y administradores por deudas impositivas de las sociedades comerciales (Registro nro. 3428)

Detalles MARC
000 -LEADER
fixed length control field 01872 a2200241 4500
001 - CONTROL NUMBER
control field 41215
005 - DATE AND TIME OF LATEST TRANSACTION
control field 20260407155706.0
008 - FIXED-LENGTH DATA ELEMENTS--GENERAL INFORMATION
fixed length control field 260407a2002 arg spa d
003 - CONTROL NUMBER IDENTIFIER
control field AR-UNSa-BCEJYS
040 ## - CATALOGING SOURCE
Original cataloging agency AR-UNSa-BCEJYS
Language of cataloging spa
Transcribing agency AR-UNSa-BCEJYS
080 ## - UNIVERSAL DECIMAL CLASSIFICATION NUMBER
Universal Decimal Classification number 347.72
Common auxiliary subdivision Sociedades comerciales
020 ## - INTERNATIONAL STANDARD BOOK NUMBER
International Standard Book Number 950-894-321-1
041 ## - LANGUAGE CODE
Language code of text/sound track or separate title spa
100 1# - MAIN ENTRY--PERSONAL NAME
Personal name Highton, Federico R.
245 10 - TITLE STATEMENT
Title Responsabilidad patrimonial solidaria de directores y administradores por deudas impositivas de las sociedades comerciales
250 ## - EDITION STATEMENT
Edition statement 2a. ed.
264 #1 - PRODUCTION, PUBLICATION, DISTRIBUTION, MANUFACTURE, AND COPYRIGHT NOTICE
Place of production, publication, distribution, manufacture Buenos Aires :
Name of producer, publisher, distributor, manufacturer AD-HOC
Date of production, publication, distribution, manufacture, or copyright notice 2002
300 ## - PHYSICAL DESCRIPTION
Extent 172 p.
Dimensions 23 cm.
505 ## - FORMATTED CONTENTS NOTE
Formatted contents note 1. La cuestión planteada y una modificación legal - 2. Ejemplos no fiscales de responsabilidad personal en las sociedades: La forma societaria no es un escudo impenetrable - 3. No es automática ni objetiva - 4. Admite prueba en contrario pesando la carga de la prueba sobre el imputado - 5. Para ser imputado no basta con tener o haber tenido uno de los cargos enumerados - 6. Es a título represivo - 7. Debe aplicarse restrictivamente - 8. No es excusada por la previa adhesión del contribuyente a un plan de pagos luego incumplido - 9. Su aplicación depende de una decisión jurisdiccional - 10. Sólo puede nacer de la Ley - 11. Sólo alcanza a quienes administraron o dispusieron de los recursos societarios - 12. No excusa de su aplicación haber atendido otras erogaciones - 13. Una teoría general jurisprudencial relativa - 14. Procedimiento. Intimación previa al deudor principal - 15. El fallo "Calvo, Luis Enrique y otro" - 16. El fallo "Gutierrez, Emilio" - 17. El fallo "Salvatierra, Mario Rodolfo y otro" - 18. El fallo "Masjuan, Francisco" - 19. Conclusiones
590 ## - LOCAL NOTE (RLIN)
Local note niveau_biblio:m niveau_hierar:0
856 41 - ELECTRONIC LOCATION AND ACCESS
Uniform Resource Identifier <a href="https://biblioeco.unsa.edu.ar/pmb/images/libros/127.jpg">https://biblioeco.unsa.edu.ar/pmb/images/libros/127.jpg</a>
Link text Imagen de portada
Electronic format type image/jpeg
942 ## - ADDED ENTRY ELEMENTS (KOHA)
Koha item type
Existencias
Withdrawn status Lost status Damaged status Not for loan Home library Current library Shelving location Date acquired Total checkouts Full call number Barcode Date last seen Price effective from Koha item type
        Biblioteca Prof. Eusebio Cleto del Rey Biblioteca Prof. Eusebio Cleto del Rey   07/04/2026   347.72 H638r 2ed. L126457 07/04/2026 07/04/2026 Libro